000 00353nam a2200145Ia 4500
008 230917s9999||||xx |||||||||||||| ||und||
040 _e63256
_aMAIN
041 _aEnglish
082 _a320.03 R545D
100 _aRobertson, David
245 2 _aA dictionary of modern politics
260 _aLondon
_bEuropa
_c1985
300 _aix, 341 p.
942 _cBK
999 _c46452
_d46452